Score 0/15 Timer 02:00
0 Plays Today
Clue 4-Letter Word % Correct
Santa is supposed to check this twiceLIST
92.1%
An upright part of a wooden fencePOST
83.9%
Popular J.J. Abrams' TV showLOST
83.5%
To polish or shineBUFF
81.3%
Beer brand on The SimpsonsDUFF
80.2%
With [First Rung], taxless retail shopping prior to crossing international border FREE
78.4%
Rita Dove or Walt Whitman, e.g.POET
77.5%
With [Last Rung], taxless retail shopping prior to crossing international border DUTY
77.5%
Clue 4-Letter Word % Correct
One of a series of ridges on a guitarFRET
77.3%
The wings create this force on a planeLIFT
77.3%
McFly's nemesis in 'Back to the Future'BIFF
72.1%
___-à-porter: ready to wear, in FrenchPRET
71.5%
French painter RaoulDUFY
63.1%
A fissure or crevasseRIFT
59.2%
The leader of the Jets in 'West Side Story'RIFF
54.5%

Today's Daily Dose

Remove Ads.
Support Sporcle.
Get the best of Sporcle when you Go Orange. This ad-free experience offers more features, more stats, and more fun while also helping to support Sporcle. Thank you for becoming a member.

You're not logged in!

Compare scores with friends on all Sporcle quizzes.
OR
Log In

Show Comments

Extras

Top Quizzes Today


Score Distribution

Your Account Isn't Verified!

In order to create a playlist on Sporcle, you need to verify the email address you used during registration. Go to your Sporcle Settings to finish the process.

Report this User

Report this user for behavior that violates our Community Guidelines.

Details: